01329namaa22002411 4500001000700000003000900007005001700016007000300033008004100036040003700077080001300114100002800127245015200155260006100307300002100368490006200389500011100451500019300562500001900755700002700774830006000801852022600861173873ES-MaACL20250824074931.0t|100127s1862 sp |r |||| | spa d aSpMaBN bspa cA2 dSpMaBN erdc a78.089.10 aCamprodón, Francisco.10aDel palacio a la taberna b: zarzuela en tres actos / carreglada del francés por D. Francisco Camprodón ; música de D. Joaquín Gaztambide. aMadrid : b[s.n.], c1862 (fImp. de José Rodríguez) a88 p. ; c17 cm.1 aEl teatro : colección de obras dramáticas y líricas aEn la portada: "Representada por primera vez en Madrid, en el Teatro de la Zarzuela, en diciembre de 1861" aEn las páginas 2-4 de la cubierta: "Catálogo de las obras dramáticas y líricas de la galería El teatro; Zarzuelas; puntos de venta y comisionados principales: provincias, Madrid" aSolo la letra.0 aGaztambide, Joaquín.03aEl teatro: colección de obras dramática y líricas aES-MaACLjF-8623(9) z.- Enc. pasta española q.- Falto de la cub. originalz.- Enc. en un vol. facticio formando parte de la col. facticia "Teatro español moderno", vol. 78 z.- Firma ms. de Gustavo Saenz Diez, 1877